00365nam a2200133 4500003000400000008004100004020001800045082001500063100001900078245007300097260003600170300001300206650001200219OSt240702b |||||||| |||| 00| 0 eng d a9781404107212 a658.8bMIB aMILLER, Donald aBuilding a Story Brand:Clarify Your Message So Customers Will Listen aNew York bHarper Collinsc2017 ax, 228p. aGeneral